| 000 | 00614nam a2200169 a 4500 | ||
|---|---|---|---|
| 008 | 120416s1992 ||||||||||||||||| || u | ||
| 050 | _aZ 657 Anu | ||
| 100 | _aBurrell, Hedley | ||
| 245 | 1 | 3 |
_aAn unfettered press _cedited by Hedley Burrell |
| 260 |
_aVirginia, U.S.A.: _bUnited States Information Agency _c1992 |
||
| 300 | _a95p.: ill. | ||
| 350 | _a0.00 | ||
| 500 | _aBibliogarphy | ||
| 650 | _aINFORMATION--FREEDOM OF PRESS, U.S.A | ||
| 650 | _aMEDIA | ||
| 995 |
_D0.00 _FCBU-MAIN LIBRARY (Kitwe) _H1 _I15.00 _M1 _UAVAILABLE _ZAnnex Low-Usage Collection |
||
| 999 |
_c60791 _d60791 |
||